Загрузка...

Forty-four juvenile thieves their characters and home-life

Библиографические подробности
Главный автор: Bowlby, John
Формат: Printed Book
Язык:English
Опубликовано: London Bailliere, Tindall and Cox 1946
Предметы:
LEADER 00550nam a22001577a 4500
003 OSt
008 091231t xxu||||| |||| 00| 0 eng d
080 |a 343.711-051-053.6  |b BOW 
100 |a Bowlby, John  |9 9038 
245 |a Forty-four juvenile thieves  |b their characters and home-life 
260 |a London  |b Bailliere, Tindall and Cox  |c 1946 
300 |a 56p. 
653 |a Juvenile thieves 
942 |c BK  |6 _ 
999 |c 191359  |d 191359 
952 |0 0  |1 0  |4 0  |6 3437110510536_BOW  |7 0  |9 246720  |a SLS  |b SLS  |d 2009-12-31  |o 343.711-051-053.6 BOW  |p SLS002339  |r 2009-12-31  |t 1  |w 2009-12-31  |y BK